All Supercross champions 1990-2025 - Statistics

General Stats
  • This quiz has been taken 79 times
  • The average score is 55 of 108
Answer Stats
Year Class Brand Answer % Correct
2022 450 Yamaha Eli Tomac
94%
2020 450 Kawasaki Eli Tomac
94%
2012 250 West Honda Eli Tomac
94%
2025 250 West Yamaha Haiden Deegan
92%
2024 450 Honda Jett Lawrence
90%
2023 250 West Honda Jett Lawrence
90%
2022 250 East Honda Jett Lawrence
90%
2025 450 Yamaha Cooper Webb
88%
2021 450 Ktm Cooper Webb
88%
2019 450 Ktm Cooper Webb
88%
2016 250 West Yamaha Cooper Webb
88%
2015 250 West Yamaha Cooper Webb
88%
2023 250 East Honda Hunter Lawrence
88%
2023 450 Honda Chase Sexton
84%
2020 250 East Honda Chase Sexton
84%
2019 250 East Honda Chase Sexton
84%
2009 450 Yamaha James Stewart
84%
2007 450 Kawasaki James Stewart
84%
2004 250 East Kawasaki James Stewart
84%
2003 250 West Kawasaki James Stewart
84%
2006 450 Suzuki Ricky Carmichael
82%
2005 250 2t Suzuki Ricky Carmichael
82%
2003 250 2t Honda Ricky Carmichael
82%
2002 250 2t Honda Ricky Carmichael
82%
2001 250 2t Kawaski Ricky Carmichael
82%
1998 250 East Kawasaki Ricky Carmichael
82%
2008 250 West Yamaha Jason Lawrence
78%
2013 250 West Ktm Ken Roczen
78%
2017 450 Ktm Ryan Dungey
78%
2016 450 Ktm Ryan Dungey
78%
2015 450 Ktm Ryan Dungey
78%
2010 450 Suzuki Ryan Dungey
78%
2009 250 West Suzuki Ryan Dungey
78%
2025 250 East Ktm Tom Vialle
78%
2024 250 East Ktm Tom Vialle
78%
2016 250 East Honda Malcolm Stewart
76%
2018 450 Husqvarna Jason Anderson
74%
2014 250 West Ktm Jason Anderson
74%
2008 450 Yamaha Chad Reed
72%
2004 250 2t yamaha Chad Reed
72%
2002 250 East Yamaha Chad Reed
72%
2000 250 2t Yamaha Jeremy McGrath
72%
1999 250 2t Yamaha Jeremy McGrath
72%
1998 250 2t Yamaha Jeremy McGrath
72%
1996 250 2t Honda Jeremy McGrath
72%
1995 250 2t Honda Jeremy McGrath
72%
1994 250 2t Honda Jeremy McGrath
72%
1993 250 2t Honda Jeremy McGrath
72%
1992 250 West Honda Jeremy McGrath
72%
1991 250 West Honda Jeremy McGrath
72%
2021 250 West Yamaha Justin Cooper
66%
2014 450 Kawasaki Ryan Villopoto
66%
2013 450 Kawasaki Ryan Villopoto
66%
2012 450 Kawasaki Ryan Villopoto
66%
2011 450 Kawasaki Ryan Villopoto
66%
2007 250 West Kawasaki Ryan Villopoto
66%
2024 250 West Husqvarna Rj Hampshire
64%
2015 250 East Ktm Marvin Musquin
56%
2012 250 East Honda Justin Barcia
54%
2011 250 East Honda Justin Barcia
54%
2019 250 West Yamaha Aaron Plessinger
52%
2020 250 West Yamaha Dylan Ferrandis
50%
2019 250 West Yamaha Dylan Ferrandis
50%
2018 250 East Husqvarna Zach Osborne
50%
2017 250 East Husqvarna Zach Osborne
50%
2022 250 West Yamaha Christian Craig
48%
2021 250 East Yamaha Colt Nichols
38%
2017 250 West Kawasaki Justin Hill
38%
1997 250 West Yamaha Kevin Windham
26%
1996 250 West Yamaha Kevin Windham
26%
1997 250 2t Kawasaki Jeff Emig
24%
2001 250 East Suzuki Travis Pastrana
24%
2013 250 East Honda Wil Hahn
24%
2014 250 East Honda Justin Bogle
22%
2008 250 East Honda Trey Canard
20%
1992 250 2t Honda Jeff Stanton
16%
1990 250 2t Honda Jeff Stanton
16%
2007 250 East Kawasaki Ben Townley
14%
2010 250 West Kawasaki Jake Weimer
14%
2010 250 East Kawasaki Christophe Pourcel
12%
2009 250 East Kawasaki Christophe Pourcel
12%
2005 250 West Kawasaki Ivan Tedesco
12%
2004 250 West Kawasaki Ivan Tedesco
12%
1991 250 2t Honda Jean-Michel Bayle
12%
1996 250 East Kawasaki Mickael Pichon
12%
1995 250 East Kawasaki Mickael Pichon
12%
2011 250 West Kawasaki Broc Tickle
10%
2006 250 East Honda Davi Millsaps
10%
1992 250 East Suzuki Brian Swink
8%
1991 250 East Honda Brian Swink
8%
2006 250 West Kawasaki Grant Langston
8%
2005 250 East Kawasaki Grant Langston
8%
2000 250 West Kawasaki Shae Bentley
8%
2002 250 West Honda Travis Preston
8%
1993 250 East Honda Doug Henry
6%
1994 250 East Suzuki Ezra Lusk
6%
1993 250 West Kawasaki Jimmy Gaddis
6%
1998 250 West Yamaha John Dowd
6%
2000 250 East Yamaha Stephane Roncada
6%
1997 250 East Suzuki Tim Ferry
6%
2003 250 East Suzuki Branden Jesseman
4%
1995 250 West Suzuki Damon Huffman
4%
1994 250 West Suzuki Damon Huffman
4%
1990 250 East Suzuki Denny Stephenson
4%
2001 250 West Yamaha Ernesto Fonseca
4%
1999 250 East Yamaha Ernesto Fonseca
4%
1999 250 West Kawasaki Nathan Ramsey
4%
1990 250 West Honda Ty Davis
2%
No matching quizzes found
Score Distribution
Percent of People with Each Score
Percentile by Number Answered
Your Score History
You have not taken this quiz